000 00597nam a2200229Ia 4500
003 OSt
005 20221007075645.0
006 a|||||r|||| 00| 0
007 ta
008 221006b |||||||| |||| 00| 0 eng d
024 _a17,070
037 _cTextual
040 _aFLL
_cFLL
_beng
041 _2eng
_aeng
082 _aX9W:8.2.N7, L7
100 _aKhera S.S.
245 0 _aGovernment in business
260 _aNew Delhi
_bNational Publishing House India
_c1977
300 _a464p
_ccm.
942 _hX9W:8.2.N7, L7
_cTEXL
_2CC
999 _c1156905
_d1156905